Catálogo del arte clásico / (Record no. 186970)

MARC details
000 -LEADER
campo de control de longitud fija 01192nam a2200253 i 4500
001 - NÚMERO DE CONTROL
campo de control 186970
003 - IDENTIFICADOR DE NÚMERO DE CONTROL
campo de control SpMaBN
005 - FECHA Y HORA DE LA ÚLTIMA TRANSACCIÓN
campo de control 20250812000015.0
008 - DATOS DE LONGITUD FIJA--INFORMACIÓN GENERAL
campo de control de longitud fija 170316s1984 sp abf c |||| | spa d
020 ## - NÚMERO INTERNACIONAL ESTÁNDAR DEL LIBRO
Número Internacional Estándar del Libro 84-505-1082-1
080 ## - NÚMERO DE LA CLASIFICACIÓN DECIMAL UNIVERSAL
Número de la Clasificación Decimal Universal 7.032.6/.7:069.538(460.27 M.)
110 2# - ENTRADA PRINCIPAL--NOMBRE DE ENTIDAD CORPORATIVA
Nombre de entidad corporativa o nombre de jurisdicción como elemento de entrada Museo Nacional de Reproducciones Artísticas (España)
9 (RLIN) 151574
245 10 - MENCIÓN DEL TÍTULO
Título Catálogo del arte clásico /
Mención de responsabilidad, etc. por Mª José Almagro Gorbea ; [han colaborado en... este catálogo, Marisa García Rodrigo, Pilar Perruca García del Pino ; fotografías, Archivo fotográfico del Museo].
260 ## - PUBLICACIÓN, DISTRIBUCIÓN, ETC.
Lugar de publicación, distribución, etc. [Madrid] :
Nombre del editor, distribuidor, etc. Ministerio de Cultura, Dirección General de Bellas Artes y Archivos, Subdirección General de Museos,
Fecha de publicación, distribución, etc. [1984]
300 ## - DESCRIPCIÓN FÍSICA
Extensión 384 p. :
Otras características físicas il., 1 mapa, fot. ;
Dimensiones 24 cm.
500 ## - NOTA GENERAL
Nota general Índice.
504 ## - NOTA DE BIBLIOGRAFÍA, ETC.
Nota de bibliografía, etc. Bibliografía: p. 373-375.
610 24 - PUNTO DE ACCESO ADICIONAL DE MATERIA--NOMBRE DE ENTIDAD CORPORATIVA
Nombre de entidad corporativa o nombre de jurisdicción como elemento de entrada Museo Nacional de Reproducciones Artísticas (España)-
Subdivisión de forma Catálogos.
9 (RLIN) 152170
650 #7 - PUNTO DE ACCESO ADICIONAL DE MATERIA--TÉRMINO DE MATERIA
Término de materia o nombre geográfico como elemento de entrada Arte clásico-
Subdivisión geográfica Museo Nacional de Reproducciones Artísticas (España)
Fuente del encabezamiento o término
9 (RLIN) 162097
700 1# - ENTRADA AGREGADA--NOMBRE PERSONAL
Nombre de persona Almagro Gorbea, María José.
9 (RLIN) 20076
710 1# - ENTRADA AGREGADA--NOMBRE DE ENTIDAD CORPORATIVA
Nombre de entidad corporativa o nombre de jurisdicción como elemento de entrada España.
Unidad subordinada Subdirección General de Museos.
9 (RLIN) 3997
852 ## - LOCALIZACIÓN
Ubicación ES-MaACL
Número de control de estantería L-31287
Holdings
Estatus retirado Estado de pérdida Estado de daño No para préstamo Biblioteca de origen Biblioteca actual Ubicación en estantería Fecha de adquisición Fuente de adquisición Total de préstamos Signatura topográfica completa Código de barras Visto por última vez Precio de reemplazo Tipo de ítem Koha
        Biblioteca del Ateneo de Madrid Biblioteca del Ateneo de Madrid Depósito 2 16/03/2017     L-31287 1197240 23/02/2023 23/02/2023 Libro impreso